000 00477nam a2200181Ia 4500
005 20250923144536.0
008 008 250917s9999 xx 000 0 eng d
037 _aTextual
040 _aDSWL
_beng
_cDSWL
041 _aeng
_2eng
084 _qDSWL
100 _aRoll, E
_9825929
245 0 _aElements of economic theory
_cby E Roll
260 _aLondon
_bOxford Univ Press
_c1950
300 _aviii,276p.
942 _cTEXL
999 _c1440234
_d1440234